00780nam a2200241Ia 4500008004000000020001500040041000800055082001800063100002100081245005400102260005600156300001000212650001000222650001700232650001600249650001900265650000800284690002400292700002000316906001100336999001900347952017200366210210b2003 xxu||||| |||| 00| 0 eng d a817391544X aeng a342.0852 MUSC aMUSTAFA (Faizan) aConversion: constitutional and legal implications aNew DelhibKanishka Publishers & Distributorsc2003 ax,196 alegal aimplications aConversion: aconstitutional aand aIndian Constitution aSHARMA (Anurag) a064254 c140291d140291 001040708Political ScienceaALbALcLawd2021-02-17eShri Krishna Sahitya Sansthan, New Delhig450.00l0o342.0852 MUSCp064254r2021-02-17 00:00:00w2021-02-17yBK